|
|
|
|
| LEADER |
01385nam a2200373Ia 4500 |
| 001 |
EBC438944 |
| 003 |
MiAaPQ |
| 005 |
20200520144314.0 |
| 006 |
m o d | |
| 007 |
cr cn||||||||| |
| 008 |
090130s2009 enka sb 001 0 eng d |
| 010 |
|
|
|z 2009003044
|
| 020 |
|
|
|z 9780754677253 (alk. paper)
|
| 020 |
|
|
|z 0754677257 (alk. paper)
|
| 020 |
|
|
|a 9780754694410 (electronic bk.)
|
| 020 |
|
|
|a 0754694410 (electronic bk.)
|
| 035 |
|
|
|a (MiAaPQ)EBC438944
|
| 035 |
|
|
|a (Au-PeEL)EBL438944
|
| 035 |
|
|
|a (CaPaEBR)ebr10303012
|
| 035 |
|
|
|a (CaONFJC)MIL924870
|
| 035 |
|
|
|a (OCoLC)432428971
|
| 040 |
|
|
|a MiAaPQ
|c MiAaPQ
|d MiAaPQ
|
| 050 |
|
4 |
|a JZ5595
|b .S84 2009
|
| 100 |
1 |
|
|a Svedin, Lina M.
|
| 245 |
1 |
0 |
|a Organizational cooperation in crises
|h [electronic resource] /
|c Lina M. Svedin.
|
| 260 |
|
|
|a Farnham, England ;
|a Burlington, VT :
|b Ashgate Pub. Co.,
|c c2009.
|
| 300 |
|
|
|a x, 163 p. :
|b ill.
|
| 504 |
|
|
|a Includes bibliographical references (p. [145]-158) and index.
|
| 533 |
|
|
|a Electronic reproduction. Ann Arbor, MI : ProQuest, 2015. Available via World Wide Web. Access may be limited to ProQuest affiliated libraries.
|
| 650 |
|
0 |
|a Crisis management.
|
| 650 |
|
0 |
|a International cooperation.
|
| 655 |
|
4 |
|a Electronic books.
|
| 710 |
2 |
|
|a ProQuest (Firm)
|
| 856 |
4 |
0 |
|u https://ebookcentral.proquest.com/lib/matrademy/detail.action?docID=438944
|z Click to View
|